000
002170000a22000970004500
100
1
_a
Rand, Stephen
245
1
0
_a
Champions of the world
300
_a
Num. 78 (1997), Páginas 12-13
773
0
_t
Teartimes
942
_c
ANA
999
_c
55825
_d
55825